Kissed or dissed: (Record no. 18016)

000 -LEADER
fixed length control field 00964nam a22001817a 4500
008 - FIXED-LENGTH DATA ELEMENTS--GENERAL INFORMATION
fixed length control field 111217t xxu||||| |||| 00| 0 eng d
020 ## - INTERNATIONAL STANDARD BOOK NUMBER
International Standard Book Number 1933433019
050 ## - LIBRARY OF CONGRESS CALL NUMBER
Classification number BV 4511
Item number .J6 K5
100 ## - MAIN ENTRY--PERSONAL NAME
Personal name Jones, Beth
Fuller form of name Jones, Beth Ann
9 (RLIN) 1762
245 ## - TITLE STATEMENT
Title Kissed or dissed:
Remainder of title God's word for feeling rejected and overlooked.
Statement of responsibility, etc 6 sessions.
260 ## - PUBLICATION, DISTRIBUTION, ETC. (IMPRINT)
Place of publication, distribution, etc Portage, MI
Name of publisher, distributor, etc Valley Press Publishers
Date of publication, distribution, etc 2005.
300 ## - PHYSICAL DESCRIPTION
Extent 79 p.
Dimensions 23 cm.
440 ## - SERIES STATEMENT/ADDED ENTRY--TITLE
Title Bite sized Bible studies.
9 (RLIN) 1763
520 ## - SUMMARY, ETC.
Summary, etc If you've ever been dissed, overlooked, let go, snubbed, ignored or invisible, you have felt the pain of rejection. We've all been there, but God does not want us to live with the fear of being rejected or dissed. He wants us to find our acceptance in Him. In this study, you'll learn to reject rejection while being transformed into the confident person God made you to be; accepted by Him.
650 ## - SUBJECT ADDED ENTRY--TOPICAL TERM
Topical term or geographic name as entry element Rejection (Psycology).
9 (RLIN) 1764
650 ## - SUBJECT ADDED ENTRY--TOPICAL TERM
Topical term or geographic name as entry element Christian life.
942 ## - ADDED ENTRY ELEMENTS (KOHA)
Source of classification or shelving scheme
Item type Books
Copies
Permanent location Copy number Date last seen Not for loan Current location Withdrawn status Damaged status Full call number Price effective from Source of classification or shelving scheme Lost status Date acquired Koha item type Barcode Shelving location
RHEMA Bible Training College12011-12-17 RHEMA Bible Training College  BV 4511 .J6 K52011-12-17  2011-12-17Books22357General Stacks